000
00245nam a2200109Ia 4500
008
240625s9999 xx 000 0 und d
041
_a
eng
082
_a
650.144 SAN
100
_a
SANDBERG ANNE
245
_a
INTERVIEW FOR SUCCESS
260
_c
2010
999
_c
34842
_d
34842